Chanteurs par lettre. N - Statistiques

Statistiques générales
  • Ce quiz a été pris 357 fois
  • Le résultat moyen est 8 sur 15
Statistiques - réponses
Chansons Chanteurs % Correct
Copines / Djadja Aya Nakamura
92%
La kiffance / Best life Naps
78%
Réseaux / Snapchat Niska
78%
La vie qu'on mène / Lettre à une femme Ninho
74%
On verra / Dans l'univers Nekfeu
70%
Something in the way / Smells like teen spirit Nirvana
70%
Armstrong / Toulouse Claude Nougaro
57%
Angela / Saga Africa Yannick Noah
56%
Je rap / Ma Benz NTM
51%
Un jour en France / Le vent nous portera Noir désir
49%
Joli bébé / 1,2,3 Soleil Naza
44%
L'amour à la plage / Je n'oublierai jamais Niagara
41%
Zusammen / 99 Luftballons Nena
28%
Sundance / Daruma Népal
20%
Loin d'ici / Puisque tu pars Vincent Niclo
3%
Aucun quiz correspondant
Distribution des résultats
% des personnes avec chaque résultat
Percentile par nombre de réponses
Votre historique - résultats
Vous n’avez pas pris ce quiz